5HLuxD.jpg

KING HENRY VIII SENIOR AND PRIMARY SCHOOL LIBRARY OPAC

Plant physiology and development / (Record no. 1060)

000 -LEADER
fixed length control field 01279cam a22003738i 4500
001 - CONTROL NUMBER
control field .b52402782
003 - CONTROL NUMBER IDENTIFIER
control field OCoLC
005 - DATE AND TIME OF LATEST TRANSACTION
control field 20200625100008.0
008 - FIXED-LENGTH DATA ELEMENTS--GENERAL INFORMATION
fixed length control field 140816s2015 maua b 001 0 eng
010 ## - LIBRARY OF CONGRESS CONTROL NUMBER
LC control number 2014030480
020 ## - INTERNATIONAL STANDARD BOOK NUMBER
International Standard Book Number 9781605352558
020 ## - INTERNATIONAL STANDARD BOOK NUMBER
International Standard Book Number 1605352551
035 ## - SYSTEM CONTROL NUMBER
System control number (OCoLC)889005820
Canceled/invalid control number (OCoLC)905677382
040 ## - CATALOGING SOURCE
Original cataloging agency DLC
Language of cataloging eng
Description conventions rda
Transcribing agency DLC
Modifying agency OCLCO
-- AS
042 ## - AUTHENTICATION CODE
Authentication code nbic
082 00 - DEWEY DECIMAL CLASSIFICATION NUMBER
Classification number 571.2 PLA
Edition number 23
130 0# - MAIN ENTRY--UNIFORM TITLE
Uniform title Plant physiology.
245 10 - TITLE STATEMENT
Title Plant physiology and development /
Statement of responsibility, etc. editors, Lincoln Taiz, University of California, Santa Cruz, Eduardo Zeiger, University of California, Los Angeles.
250 ## - EDITION STATEMENT
Edition statement Sixth edition.
260 ## - PUBLICATION, DISTRIBUTION, ETC.
Date of publication, distribution, etc. 2014.
264 #1 - PRODUCTION, PUBLICATION, DISTRIBUTION, MANUFACTURE, AND COPYRIGHT NOTICE
Place of production, publication, distribution, manufacture Sunderland, Massachusetts :
Name of producer, publisher, distributor, manufacturer Sinauer Associates, Inc., Publishers,
Date of production, publication, distribution, manufacture, or copyright notice 2014.
264 #4 - PRODUCTION, PUBLICATION, DISTRIBUTION, MANUFACTURE, AND COPYRIGHT NOTICE
Place of production, publication, distribution, manufacture ⓒ2015.
300 ## - PHYSICAL DESCRIPTION
Extent xxix, 761 pages :
Other physical details illustrations (chiefly color) ;
Dimensions 29 cm.
336 ## - CONTENT TYPE
Content type term text
Source rdacontent.
337 ## - MEDIA TYPE
Media type term unmediated
Source rdamedia.
338 ## - CARRIER TYPE
Carrier type term volume
Source rdacarrier.
500 ## - GENERAL NOTE
General note Revised edition of: Plant physiology. Fifth edition. c2010.
504 ## - BIBLIOGRAPHY, ETC. NOTE
Bibliography, etc. note Includes bibliographical references and index.
650 #0 - SUBJECT ADDED ENTRY--TOPICAL TERM
Topical term or geographic name entry element Plant physiology.
650 #0 - SUBJECT ADDED ENTRY--TOPICAL TERM
Topical term or geographic name entry element Plants
General subdivision Development.
700 1# - ADDED ENTRY--PERSONAL NAME
Personal name Taiz, Lincoln,
Relator term editor.
700 1# - ADDED ENTRY--PERSONAL NAME
Personal name Zeiger, Eduardo,
Relator term editor.
942 ## - ADDED ENTRY ELEMENTS (KOHA)
Source of classification or shelving scheme
Koha item type Books - Non Ficton
Holdings
Withdrawn status Lost status Source of classification or shelving scheme Damaged status Not for loan Collection code Permanent Location Current Location Shelving location Date acquired Full call number Barcode Date last seen Price effective from Koha item type
          Non-Fiction KH8 Senior School Library KH8 Senior School Library Non Fiction 2020-06-25 571.2 PLA 3KHSL000101786 2020-06-25 2020-06-25 Books - Non Ficton

Powered By KH8 IT Dept